000 00711nam a2200241Ia 4500
005 20260430150326.0
008 008 250103s9999 xx 000 0 eng d
037 _aTheses
040 _aCRL
040 _beng
040 _ceng
041 _2eng
041 _aeng
084 _qCRL
100 _aSingh Vijendra Au.; Sharma Arun K. Gu.
_91237152
245 0 _aCharacterization of the Roles of AtMBDI Gene and its Tomato Homolog SIMBD8 in Salinity Stress
260 _c2022
300 _a146
650 _aBiology; Plants
700 _aUniversity of Delhi. Faculty of Inter- Disciplinary & Applied Science. Deptt. of Plant Moleculer Biology
_91237146
942 _cTH
999 _c1849516
_d1849516